000 01346nam a2200325 a 4500
001 BRCA_3323
005 20190320204226.0
008 240309s1880----enk#---###---#000-0#eng-#
041 _aeng
044 _aenk
084 _a617
_b.R68
_c1880
100 1 _aCervantes Saavedra, Miguel de
_d1547-1616
_9213
245 1 0 _aAdventures of Don Quixote de la Mancha
_cTranslated from the Spanish of Miguel de Cervantes Saavedra by Charles Jarvis.
260 _aLondres : Nueva York
_bGeorge Routledge and Sons
_c1880
300 _a1 v. en 2 partes (xii, 605 p.)
_c19 cm.
440 0 _aSir John Lubbock´s Hundred Books
_98781
500 _aContenido : Primera parte. Prólogo de Cervantes. Segunda parte. Prólogo de Cervantes
500 _aEdición económica de la traducción de Jarvis, con dibujos de Gilbert. Tela Lúdovik Osterc
500 _aQM910
546 _aTexto en : inglés
650 1 4 _aNovela española
_yÉpoca clásica, 1500-1700
_9215
650 1 4 _aLiteratura española
_yÉpoca clásica, 1500-1700
_9216
650 1 4 _aNovela española
_ySiglo XVII
_9217
650 1 4 _aDon Quijote (Personaje ficticio)
_eNovela
_9218
700 1 _aJarvis, Charles
_d?-1739
_eTraductor
_98782
700 1 _aGilbert, John
_d1817-1897
_eIlustrador
_98783
740 0 _aEl Ingenioso Hidalgo Don Quijote de la Mancha
902 _aQFM
942 _2lcc
_cB
999 _c3059
_d3059